000 00683nam a2200241Ia 4500
003 OSt
005 20220924143546.0
006 a|||||r|||| 00| 0
007 ta
008 220923b |||||||| |||| 00| 0 urd d
024 _a308979
037 _cTextual
040 _aARTS
_cARTS
_burd
041 _2urd
_aurd
082 _aO157,3M98,12, 168N0
100 _aBandyopadhyay Sankar
_9216289
245 0 _aGulshan -e- Sehat
260 _c1990
650 _aBENGALI LITERATURE
700 _a Bhattacharya Shanti Ranjan
_9216290
942 _hO157,3M98,12, 168N0
_cTEXL
_2CC
999 _c454999
_d454999